[Event "CAN/Quebec op"]
[Site "Montreal CAN"]
[Date "2008.07.22"]
[Round "4"]
[White "Yuan, Yuanling"]
[Black "Masse, Hugues"]
[Result "1/2-1/2"]
[WhiteElo "2146"]
[BlackElo "2196"]
[PlyCount "151"]
[GameId "2160767910345248"]
[EventDate "2008.07.19"]
[EventType "swiss"]
[EventRounds "9"]
[EventCountry "CAN"]
[SourceTitle "EXT 2009"]
[Source "ChessBase"]
[SourceDate "2008.11.26"]
[SourceVersion "1"]
[SourceVersionDate "2008.11.26"]
[SourceQuality "1"]

1. e4 e6 2. d4 d5 3. e5 c5 4. c3 Nc6 5. Nf3 Bd7 6. Be2 Nh6 7. Na3 cxd4 8. cxd4 Nf5 9. Nc2 Be7 10. O-O O-O 11. Ne3 Nh4 12. Nxh4 Bxh4 13. f4 Qb6 14. Nc2 Be7 15. Kh1 f5 16. b3 Nb4 17. Nxb4 Bxb4 18. Qd3 a6 19. a4 Rac8 20. Bb2 Qa5 21. Rf3 Rc7 22. Raf1 b5 23. axb5 Bxb5 24. Qd1 Rfc8 25. Bd3 Bxd3 26. Qxd3 Rc2 27. R3f2 Bd2 28. Ra1 Qb5 29. Rxd2 Qxd3 30. Rxd3 Rxb2 31. h3 Rc6 32. Ra5 Kf7 33. Ra4 Ke7 34. Rb4 Rbc2 35. Rb7+ Rc7 36. Rb6 R2c6 37. Rb8 Rc8 38. Rb7+ R8c7 39. Rb8 Kf7 40. Kh2 g6 41. b4 Rc4 42. Rb6 Ra7 43. Kg3 a5 44. bxa5 Ra4 45. a6 R4xa6 46. Rxa6 Rxa6 47. Kf3 h6 48. h4 g5 49. hxg5 hxg5 50. g4 Kg6 51. gxf5+ Kxf5 52. fxg5 Kxg5 53. Rb3 Kf5 54. Ke3 Ra8 55. Rc3 Rh8 56. Rc6 Rh3+ 57. Ke2 Ke4 58. Rxe6 Rh2+ 59. Kf1 Kxd4 60. Re8 Ke3 61. e6 d4 62. Rd8 Rh1+ 63. Kg2 Rh7 64. Rd7 Rh6 65. e7 Re6 66. Kf1 Kd3 67. Kf2 Kc3 68. Kf3 d3 69. Rc7+ Kb2 70. Rd7 Kc2 71. Rc7+ Kd1 72. Kf4 d2 73. Kf5 Re3 74. Kf6 Ke2 75. Rd7 d1=Q 76. Rxd1 1/2-1/2

[Event "CAN/Quebec op"]
[Site "Montreal CAN"]
[Date "2008.07.23"]
[Round "5"]
[White "Arencibia Rodriguez, Walter"]
[Black "Istratescu, Andrei"]
[Result "1/2-1/2"]
[WhiteElo "2536"]
[BlackElo "2636"]
[PlyCount "79"]
[GameId "2160767910345249"]
[EventDate "2008.07.19"]
[EventType "swiss"]
[EventRounds "9"]
[EventCountry "CAN"]
[SourceTitle "CBM 125 Extra"]
[Source "ChessBase"]
[SourceDate "2008.09.01"]
[SourceVersion "1"]
[SourceVersionDate "2008.09.01"]
[SourceQuality "1"]

1. e4 c5 2. Nf3 e6 3. d4 cxd4 4. Nxd4 a6 5. c4 Nf6 6. Nc3 Bb4 7. Qf3 d6 8. Nc2 Bxc3+ 9. Qxc3 O-O 10. f3 Nc6 11. Be3 Qc7 12. O-O-O e5 13. Nb4 Ne7 14. Qd2 Rd8 15. Kb1 Be6 16. Rc1 Rac8 17. Be2 Nd7 18. Nd5 Bxd5 19. cxd5 Qb8 20. Rxc8 Rxc8 21. Rc1 h6 22. Rxc8+ Qxc8 23. a4 f5 24. Qc2 Qxc2+ 25. Kxc2 Kf8 26. b4 Ke8 27. g3 g5 28. a5 Nf6 29. Kd3 f4 30. Bd2 Ng6 31. Bf1 h5 32. Ke2 g4 33. Kf2 Kd7 34. Bc3 Nh7 35. b5 axb5 36. Bxb5+ Kd8 37. Bb4 Ng5 38. Bxd6 Nxf3 39. Bc5 Ng5 40. Bd3 1/2-1/2

[Event "CAN/Quebec op"]
[Site "Montreal CAN"]
[Date "2008.07.23"]
[Round "5"]
[White "Arun Prasad, Subramanian"]
[Black "Mikhalevski, Victor"]
[Result "0-1"]
[WhiteElo "2492"]
[BlackElo "2592"]
[PlyCount "102"]
[GameId "2160767910345250"]
[EventDate "2008.07.19"]
[EventType "swiss"]
[EventRounds "9"]
[EventCountry "CAN"]
[SourceTitle "CBM 125 Extra"]
[Source "ChessBase"]
[SourceDate "2008.09.01"]
[SourceVersion "1"]
[SourceVersionDate "2008.09.01"]
[SourceQuality "1"]

1. Nf3 Nf6 2. c4 e6 3. d4 d5 4. Nc3 Be7 5. cxd5 exd5 6. Bg5 O-O 7. e3 b6 8. Bd3 Bb7 9. O-O Nbd7 10. Rc1 Ne4 11. Bf4 c5 12. Qe2 Nxc3 13. bxc3 c4 14. Bc2 b5 15. Rb1 a6 16. Ne5 Nxe5 17. Bxe5 Re8 18. Qg4 Bf8 19. h4 Bc8 20. Qf3 Be6 21. e4 Qd7 22. Rfe1 Rad8 23. exd5 Bxd5 24. Qh5 g6 25. Qg5 Bg7 26. h5 h6 27. Qg3 g5 28. Bxg7 Kxg7 29. f4 Qc7 30. a4 Qxf4 31. Qxf4 gxf4 32. axb5 Rxe1+ 33. Rxe1 axb5 34. Re5 Kf8 35. Rf5 Ke7 36. Rxf4 Ra8 37. Be4 Ke6 38. Bxd5+ Kxd5 39. Rf5+ Ke4 40. Rxb5 Kd3 41. Rb6 Kxc3 42. Rxh6 Kd2 43. Rc6 c3 44. Kf2 c2 45. g4 Ra3 46. h6 c1=Q 47. Rxc1 Kxc1 48. d5 Rd3 49. Kg2 Rxd5 50. Kf3 Rd6 51. g5 Rd4 0-1

[Event "CAN/Quebec op"]
[Site "Montreal CAN"]
[Date "2008.07.23"]
[Round "5"]
[White "Barbeau, Sylvain"]
[Black "Kiran, Manisha Mohanty"]
[Result "1/2-1/2"]
[WhiteElo "2367"]
[BlackElo "2261"]
[PlyCount "24"]
[GameId "2160767910345251"]
[EventDate "2008.07.19"]
[EventType "swiss"]
[EventRounds "9"]
[EventCountry "CAN"]
[SourceTitle "CBM 125 Extra"]
[Source "ChessBase"]
[SourceDate "2008.09.01"]
[SourceVersion "1"]
[SourceVersionDate "2008.09.01"]
[SourceQuality "1"]

1. Nf3 c5 2. g3 g6 3. Bg2 Bg7 4. d4 cxd4 5. Nxd4 Nc6 6. Nxc6 bxc6 7. c4 Qc7 8. O-O Nf6 9. Qc2 d6 10. Nc3 Rb8 11. Rb1 O-O 12. Rd1 Rd8 1/2-1/2

[Event "CAN/Quebec op"]
[Site "Montreal CAN"]
[Date "2008.07.23"]
[Round "5"]
[White "Bluvshtein, Mark"]
[Black "Roussel-Roozmon, Thomas"]
[Result "1/2-1/2"]
[WhiteElo "2548"]
[BlackElo "2486"]
[PlyCount "82"]
[GameId "2160767910345252"]
[EventDate "2008.07.19"]
[EventType "swiss"]
[EventRounds "9"]
[EventCountry "CAN"]
[SourceTitle "CBM 125 Extra"]
[Source "ChessBase"]
[SourceDate "2008.09.01"]
[SourceVersion "1"]
[SourceVersionDate "2008.09.01"]
[SourceQuality "1"]

1. d4 Nf6 2. c4 e6 3. Nc3 Bb4 4. Qc2 Nc6 5. Nf3 d6 6. a3 Bxc3+ 7. Qxc3 Qe7 8. b4 a5 9. b5 Nb8 10. g3 b6 11. Bg2 Bb7 12. O-O Nbd7 13. a4 O-O 14. Ba3 Rfe8 15. Rac1 e5 16. e3 Ne4 17. Qc2 Qf6 18. Bb2 Nec5 19. d5 Qg6 20. Qxg6 hxg6 21. Ra1 f6 22. h4 Kf7 23. Nd2 Rh8 24. Bf3 Rae8 25. Bd1 e4 26. Bc2 Ne5 27. Bd4 f5 28. Bxe5 Rxe5 29. Kg2 Bc8 30. Nb3 Nxb3 31. Bxb3 Kf6 32. Rh1 Ree8 33. Rh2 Rh6 34. Rah1 Reh8 35. Bd1 g5 36. hxg5+ Kxg5 37. Rxh6 Rxh6 38. Rxh6 Kxh6 39. g4 fxg4 40. Kg3 Kg5 41. Bb3 Bf5 1/2-1/2

[Event "CAN/Quebec op"]
[Site "Montreal CAN"]
[Date "2008.07.23"]
[Round "5"]
[White "Castaneda, Nelson"]
[Black "Karavade, Eesha"]
[Result "0-1"]
[WhiteElo "2314"]
[BlackElo "2297"]
[PlyCount "117"]
[GameId "2160767910345253"]
[EventDate "2008.07.19"]
[EventType "swiss"]
[EventRounds "9"]
[EventCountry "CAN"]
[SourceTitle "CBM 125 Extra"]
[Source "ChessBase"]
[SourceDate "2008.09.01"]
[SourceVersion "1"]
[SourceVersionDate "2008.09.01"]
[SourceQuality "1"]

1. Nf3 Nf6 2. d4 e6 3. Bg5 c5 4. e3 b6 5. Nbd2 Bb7 6. Bd3 Be7 7. c3 O-O 8. Qc2 h6 9. Bh4 Nc6 10. Rd1 Rc8 11. Qb1 cxd4 12. exd4 Nh5 13. Bxe7 Qxe7 14. O-O Nf4 15. Rfe1 Nxd3 16. Qxd3 Nb8 17. Re3 Qd8 18. Ne4 d6 19. Rde1 Bd5 20. b3 Bb7 21. h3 Na6 22. Nh2 Nc7 23. c4 d5 24. Nd2 dxc4 25. bxc4 Ne8 26. Rg3 Nf6 27. Re5 Rc7 28. Qe3 Kh8 29. Ng4 Nxg4 30. Rxg4 Rd7 31. Nb3 Qf6 32. a4 Rc8 33. d5 exd5 34. Re8+ Kh7 35. Qd3+ g6 36. Rxc8 Bxc8 37. cxd5 Re7 38. Qd4 Re1+ 39. Kh2 Qd6+ 40. Rg3 Re5 41. Qf4 Bf5 42. Nd4 Qxd5 43. Re3 Rxe3 44. Qxe3 Bd7 45. Nf3 Bxa4 46. Qe7 Qd7 47. Qf6 Bb3 48. Ne5 Qe6 49. Qf4 Qd6 50. Qg3 Be6 51. h4 Bf5 52. f4 f6 53. Nc4 Qd3 54. Ne3 h5 55. Qf2 Be6 56. Nc2 Kg7 57. Nd4 Qe4 58. Nb5 a6 59. Nd6 0-1

[Event "CAN/Quebec op"]
[Site "Montreal CAN"]
[Date "2008.07.23"]
[Round "5"]
[White "Cheng, Bindi"]
[Black "Poulin, Maurice"]
[Result "1-0"]
[WhiteElo "2333"]
[BlackElo "1989"]
[PlyCount "57"]
[GameId "2160767910345254"]
[EventDate "2008.07.19"]
[EventType "swiss"]
[EventRounds "9"]
[EventCountry "CAN"]
[SourceTitle "CBM 125 Extra"]
[Source "ChessBase"]
[SourceDate "2008.09.01"]
[SourceVersion "1"]
[SourceVersionDate "2008.09.01"]
[SourceQuality "1"]

1. e4 g6 2. d4 Bg7 3. Nc3 d6 4. Be3 a6 5. a4 b6 6. Qd2 Bb7 7. f3 Nd7 8. h4 h5 9. Nh3 c5 10. d5 Ne5 11. Be2 Nf6 12. Nf2 Bc8 13. Ncd1 Bd7 14. c4 Qc7 15. Ra2 Kf8 16. b4 cxb4 17. Qxb4 Rb8 18. a5 bxa5 19. Qxa5 Qxa5+ 20. Rxa5 Bc8 21. c5 dxc5 22. Bxc5 Ned7 23. Ba3 Rb6 24. O-O Ne8 25. Ne3 Rb3 26. Ned1 Nb8 27. Bc4 Rb1 28. Ne3 Rxf1+ 29. Kxf1 1-0

[Event "CAN/Quebec op"]
[Site "Montreal CAN"]
[Date "2008.07.23"]
[Round "5"]
[White "Cornette, Matthieu"]
[Black "Bartholomew, John"]
[Result "1-0"]
[WhiteElo "2521"]
[BlackElo "2440"]
[PlyCount "103"]
[GameId "2160767910345255"]
[EventDate "2008.07.19"]
[EventType "swiss"]
[EventRounds "9"]
[EventCountry "CAN"]
[SourceTitle "CBM 125 Extra"]
[Source "ChessBase"]
[SourceDate "2008.09.01"]
[SourceVersion "1"]
[SourceVersionDate "2008.09.01"]
[SourceQuality "1"]

1. e4 d5 2. exd5 Qxd5 3. Nc3 Qa5 4. d4 c6 5. Nf3 Nf6 6. Bc4 Bf5 7. Bd2 e6 8. Nd5 Qd8 9. Nxf6+ Qxf6 10. Qe2 Bg4 11. d5 Bxf3 12. gxf3 cxd5 13. Bxd5 Nd7 14. O-O-O O-O-O 15. Be4 Qe5 16. Bc3 Qc7 17. Kb1 f6 18. Rhg1 Nc5 19. Rxd8+ Kxd8 20. Bd4 Bd6 21. Bxc5 Bxc5 22. Qc4 Re8 23. Bxb7 Re7 24. Be4 Qxh2 25. Rf1 Qd6 26. c3 f5 27. Bc2 Rd7 28. Qh4+ Kc7 29. Qxh7 Qe5 30. Ba4 Qe2 31. Rc1 Re7 32. Rd1 Qxf3 33. Qh2+ Kb7 34. b4 Bb6 35. Qd6 Rc7 36. Rd3 Qe4 37. Kb2 Qe2+ 38. Bc2 Bxf2 39. a4 Qe4 40. b5 Qc4 41. Bb3 Qc5 42. Qa6+ Kb8 43. a5 Bd4 44. b6 axb6 45. cxd4 Qc1+ 46. Ka2 Rc2+ 47. Bxc2 Qxc2+ 48. Ka3 Qc1+ 49. Ka4 Qa1+ 50. Kb5 Qb2+ 51. Kc6 Qc2+ 52. Kxb6 1-0

[Event "CAN/Quebec op"]
[Site "Montreal CAN"]
[Date "2008.07.23"]
[Round "5"]
[White "Ganguly, Surya Shekhar"]
[Black "Rathnakaran, Kantholi"]
[Result "1-0"]
[WhiteElo "2631"]
[BlackElo "2453"]
[PlyCount "75"]
[GameId "2160767910345256"]
[EventDate "2008.07.19"]
[EventType "swiss"]
[EventRounds "9"]
[EventCountry "CAN"]

1. e4 e6 2. d4 d5 3. Nc3 Nf6 4. Bg5 Be7 5. e5 Nfd7 6. Bxe7 Qxe7 7. f4 a6 8. Nf3 c5 9. dxc5 Nxc5 10. Bd3 b5 11. O-O b4 12. Ne2 Nxd3 13. cxd3 Bd7 14. Rc1 O-O 15. Ned4 a5 16. g4 Na6 17. Qe2 Rac8 18. Rce1 a4 19. f5 a3 20. bxa3 bxa3 21. Qd2 Rfe8 22. f6 Qb4 23. Qf4 Qf8 24. Re3 h6 25. g5 Nb4 26. gxh6 g6 27. Nh4 Kh7 28. Ndf3 Qxh6 29. Ng5+ Kg8 30. Ng2 Nxd3 31. Rxd3 Rc4 32. Nxf7 Qxf4 33. Nxf4 Kxf7 34. Rh3 Kg8 35. Nxg6 Rg4+ 36. Kh1 Rxg6 37. f7+ Kf8 38. Rh8+ 1-0

[Event "CAN/Quebec op"]
[Site "Montreal CAN"]
[Date "2008.07.23"]
[Round "5"]
[White "Gulko, Alexander"]
[Black "Meera, Sai Ravi"]
[Result "0-1"]
[WhiteElo "1894"]
[BlackElo "2179"]
[PlyCount "80"]
[GameId "2160767910345258"]
[EventDate "2008.07.19"]
[EventType "swiss"]
[EventRounds "9"]
[EventCountry "CAN"]
[SourceTitle "CBM 125 Extra"]
[Source "ChessBase"]
[SourceDate "2008.09.01"]
[SourceVersion "1"]
[SourceVersionDate "2008.09.01"]
[SourceQuality "1"]

1. d4 Nf6 2. Nf3 g6 3. Bg5 Bg7 4. Nbd2 d5 5. e3 c5 6. c3 h6 7. Bf4 Nbd7 8. h3 b6 9. Be2 Bb7 10. O-O Ne4 11. Ne5 Nxd2 12. Qxd2 Nxe5 13. Bxe5 f6 14. Bh2 O-O 15. c4 cxd4 16. Qxd4 e5 17. Qg4 Kh7 18. cxd5 f5 19. Qb4 a5 20. Qa3 Qxd5 21. f3 Qd2 22. Rf2 Qb4 23. Rd1 e4 24. Bd6 Qxa3 25. bxa3 Rfc8 26. Bb5 Rc3 27. Re1 Rd8 28. Be7 Rdc8 29. f4 Bc6 30. Bxc6 R8xc6 31. Rd2 Rd3 32. Rxd3 exd3 33. Rd1 Rc3 34. a4 Kg8 35. Bd8 Bf8 36. Bxb6 Bb4 37. Kf2 Ra3 38. Kf3 d2 39. g4 Rxa2 40. Ke2 Rxa4 0-1

[Event "CAN/Quebec op"]
[Site "Montreal CAN"]
[Date "2008.07.23"]
[Round "5"]
[White "Henry, Liam"]
[Black "Jiang, Louie"]
[Result "0-1"]
[WhiteElo "2211"]
[BlackElo "2135"]
[PlyCount "116"]
[GameId "2160767910345259"]
[EventDate "2008.07.19"]
[EventType "swiss"]
[EventRounds "9"]
[EventCountry "CAN"]
[SourceTitle "CBM 125 Extra"]
[Source "ChessBase"]
[SourceDate "2008.09.01"]
[SourceVersion "1"]
[SourceVersionDate "2008.09.01"]
[SourceQuality "1"]

1. e4 c5 2. Nf3 d6 3. d4 cxd4 4. Nxd4 Nf6 5. Nc3 a6 6. Bc4 e6 7. Bb3 Nc6 8. Be3 Be7 9. O-O O-O 10. f4 Nxd4 11. Bxd4 b5 12. a3 Bb7 13. Qe1 a5 14. Rd1 b4 15. e5 bxc3 16. exf6 Bxf6 17. Qxc3 Rc8 18. Bxf6 gxf6 19. Qd4 Rc6 20. Kh1 Kh8 21. f5 e5 22. Qh4 Rc5 23. Rf2 e4 24. Qf4 Re5 25. Qe3 Qe7 26. Rfd2 Rxf5 27. Rxd6 Rg8 28. Rd7 Rf1+ 29. Rxf1 Qxd7 30. h3 a4 31. Bc4 Qc7 32. Qd4 e3 33. Rxf6 Qh2+ 34. Kxh2 Rxg2+ 35. Kh1 Rg4+ 36. Kh2 Rxd4 37. Bf1 Rd2+ 38. Kg3 Kg7 39. Rb6 Be4 40. Rb4 e2 41. Bxe2 Rxe2 42. Rxa4 Bxc2 43. Rg4+ Bg6 44. Rb4 Re3+ 45. Kg2 Be4+ 46. Kf2 Rf3+ 47. Ke2 f5 48. a4 Rxh3 49. a5 Rh6 50. Rb8 f4 51. Rb4 f3+ 52. Ke3 Bd5 53. Rd4 Re6+ 54. Kf2 Re2+ 55. Kf1 Be6 56. Rf4 Bh3+ 57. Kg1 Rg2+ 58. Kh1 f2 0-1

[Event "CAN/Quebec op"]
[Site "Montreal CAN"]
[Date "2008.07.23"]
[Round "5"]
[White "Ivkov, Borislav"]
[Black "Tayar, Jonathan"]
[Result "0-1"]
[WhiteElo "2411"]
[BlackElo "2293"]
[PlyCount "126"]
[GameId "2160767910345260"]
[EventDate "2008.07.19"]
[EventType "swiss"]
[EventRounds "9"]
[EventCountry "CAN"]
[SourceTitle "CBM 125 Extra"]
[Source "ChessBase"]
[SourceDate "2008.09.01"]
[SourceVersion "1"]
[SourceVersionDate "2008.09.01"]
[SourceQuality "1"]

1. Nf3 Nf6 2. g3 g6 3. b3 Bg7 4. Bb2 O-O 5. Bg2 c5 6. c4 d6 7. d4 Na6 8. Nc3 Rb8 9. O-O Bf5 10. Nb5 Qb6 11. a4 Nb4 12. a5 Qd8 13. dxc5 dxc5 14. Be5 a6 15. Nc3 Ne4 16. Qxd8 Rbxd8 17. Na4 Bxe5 18. Nxe5 Nd2 19. Nxc5 Nxf1 20. Rxf1 Bc8 21. Nxb7 Rd2 22. e3 Bxb7 23. Bxb7 Rb8 24. Bg2 Ra2 25. Rc1 Rxa5 26. c5 Rc8 27. Nd7 Ra2 28. Nb6 Rc7 29. Nd5 Nxd5 30. Bxd5 e6 31. Bf3 Ra5 32. c6 Ra3 33. b4 Rb3 34. Rc4 Rb1+ 35. Kg2 Kf8 36. g4 h6 37. h4 Ke7 38. g5 hxg5 39. hxg5 Kd8 40. Rh4 Ra7 41. Rh8+ Kc7 42. Rf8 Kd6 43. Rd8+ Kc7 44. Rf8 Kd6 45. Rd8+ Kc7 46. Rd4 Rc1 47. Kg3 Kb6 48. Be4 e5 49. Rd5 Rc4 50. Rxe5 Rxb4 51. Bd5 a5 52. Re8 a4 53. e4 a3 54. Kf4 a2 55. Rb8+ Kc7 56. Bxa2 Kxb8 57. Bd5 Kc8 58. Ke5 Kd8 59. Kf6 Ke8 60. f4 Rc7 61. f5 gxf5 62. exf5 Rb5 63. Ke5 Rxc6 0-1

[Event "CAN/Quebec op"]
[Site "Montreal CAN"]
[Date "2008.07.23"]
[Round "5"]
[White "Kovalyov, Anton"]
[Black "Komarov, Dimitri"]
[Result "1/2-1/2"]
[WhiteElo "2548"]
[BlackElo "2536"]
[PlyCount "99"]
[GameId "2160767910345261"]
[EventDate "2008.07.19"]
[EventType "swiss"]
[EventRounds "9"]
[EventCountry "CAN"]
[SourceTitle "EXT 2009"]
[Source "ChessBase"]
[SourceDate "2008.11.26"]
[SourceVersion "1"]
[SourceVersionDate "2008.11.26"]
[SourceQuality "1"]

1. c4 e5 2. Nc3 Nf6 3. Nf3 Nc6 4. a3 d5 5. cxd5 Nxd5 6. Qc2 Be7 7. e3 O-O 8. Nxd5 Qxd5 9. Bc4 Qd6 10. b4 a6 11. Bb2 Be6 12. O-O Bf6 13. Bxe6 Qxe6 14. e4 Rfd8 15. Rfc1 g5 16. Ne1 Rd6 17. d3 g4 18. Qc4 Bg5 19. Qxe6 Rxe6 20. Rc4 Rd8 21. Rd1 Rd7 22. g3 f6 23. h4 Bh6 24. Kf1 Red6 25. Ke2 Nd4+ 26. Bxd4 Rxd4 27. Rc3 R4d6 28. Nc2 Kf7 29. Rf1 Ke6 30. f3 gxf3+ 31. Rxf3 Rg7 32. Na1 b6 33. Nb3 Kd7 34. Kf2 Rg6 35. Rf5 Re6 36. Kf3 Re7 37. Kf2 Re6 38. a4 Bf8 39. b5 axb5 40. axb5 Rg8 41. Rc4 Rd6 42. Rf3 Be7 43. Ra4 c6 44. d4 Rc8 45. Rc3 Rc7 46. Ke3 cxb5 47. Rxc7+ Kxc7 48. Ra7+ Kd8 49. d5 Rd7 50. Ra8+ 1/2-1/2

[Event "CAN/Quebec op"]
[Site "Montreal CAN"]
[Date "2008.07.23"]
[Round "5"]
[White "Lachaux, Jerome"]
[Black "Yuan, Yuanling"]
[Result "0-1"]
[WhiteElo "2075"]
[BlackElo "2146"]
[PlyCount "64"]
[GameId "2160767910345262"]
[EventDate "2008.07.19"]
[EventType "swiss"]
[EventRounds "9"]
[EventCountry "CAN"]
[SourceTitle "EXT 2009"]
[Source "ChessBase"]
[SourceDate "2008.11.26"]
[SourceVersion "1"]
[SourceVersionDate "2008.11.26"]
[SourceQuality "1"]

1. e4 c5 2. d4 cxd4 3. c3 dxc3 4. Nxc3 e6 5. Nf3 Nc6 6. Bc4 a6 7. O-O b5 8. Bb3 Nge7 9. Bg5 f6 10. Be3 Ng6 11. Qe2 Be7 12. Rad1 Qc7 13. Nd4 O-O 14. f4 Nxd4 15. Bxd4 Nxf4 16. Qe3 Ng6 17. Nd5 Qb7 18. h4 d6 19. Qg3 Rf7 20. Nb6 Rb8 21. Qg4 Nf8 22. Rc1 Bd7 23. Rf3 Bd8 24. Nxd7 Qxd7 25. Rcf1 Kh8 26. Rg3 Rc8 27. h5 h6 28. Be3 Kh7 29. Qe2 Qe8 30. Qd3 Kh8 31. Bf4 Rd7 32. a4 Rc5 0-1

[Event "CAN/Quebec op"]
[Site "Montreal CAN"]
[Date "2008.07.23"]
[Round "5"]
[White "Masse, Hugues"]
[Black "Arsenault, Nicolas"]
[Result "1-0"]
[WhiteElo "2196"]
[BlackElo "2213"]
[PlyCount "89"]
[GameId "2160767910345263"]
[EventDate "2008.07.19"]
[EventType "swiss"]
[EventRounds "9"]
[EventCountry "CAN"]
[SourceTitle "EXT 2009"]
[Source "ChessBase"]
[SourceDate "2008.11.26"]
[SourceVersion "1"]
[SourceVersionDate "2008.11.26"]
[SourceQuality "1"]

1. d4 Nf6 2. c4 e6 3. Nc3 Bb4 4. Qc2 O-O 5. a3 Bxc3+ 6. Qxc3 Ne4 7. Qc2 f5 8. Nh3 d6 9. f3 Nf6 10. e3 e5 11. dxe5 dxe5 12. Nf2 Nc6 13. b4 f4 14. Bd3 a5 15. b5 fxe3 16. Bxe3 Nd4 17. Qc3 b6 18. O-O Bb7 19. f4 Ne4 20. Nxe4 Bxe4 21. Rad1 Bxd3 22. Qxd3 Nf5 23. Qe4 Qe7 24. fxe5 Nxe3 25. Rxf8+ Rxf8 26. Qxe3 Qe6 27. Qe4 Re8 28. Re1 Rd8 29. h3 h6 30. Kh2 Rd7 31. Re3 Rd8 32. Kg3 Rd7 33. Qa8+ Kh7 34. Qc6 Qf5 35. Qf3 Kg6 36. Qg4+ Qg5 37. Qxg5+ Kxg5 38. Rf3 Re7 39. h4+ Kg6 40. Kf4 Kf7 41. Kf5 Re6 42. Ke4+ Ke7 43. h5 g6 44. g4 gxh5 45. gxh5 1-0

[Event "CAN/Quebec op"]
[Site "Montreal CAN"]
[Date "2008.07.23"]
[Round "5"]
[White "Mulyar, Michael"]
[Black "Thavandiran, Shiyam"]
[Result "0-1"]
[WhiteElo "2382"]
[BlackElo "2288"]
[PlyCount "90"]
[GameId "2160767910345266"]
[EventDate "2008.07.19"]
[EventType "swiss"]
[EventRounds "9"]
[EventCountry "CAN"]
[SourceTitle "CBM 125 Extra"]
[Source "ChessBase"]
[SourceDate "2008.09.01"]
[SourceVersion "1"]
[SourceVersionDate "2008.09.01"]
[SourceQuality "1"]

1. c4 e5 2. g3 Nf6 3. Bg2 c6 4. d4 exd4 5. Qxd4 Na6 6. Nf3 d5 7. O-O Be7 8. cxd5 Qxd5 9. Nc3 Qh5 10. Bg5 h6 11. Bxf6 Bxf6 12. Qe3+ Be6 13. Ne4 Be7 14. Nd4 Nc7 15. f4 Qa5 16. f5 Nd5 17. Qb3 Bc8 18. f6 Bxf6 19. Nd6+ Kf8 20. e3 Qc7 21. N6b5 Qe7 22. Bxd5 cxb5 23. Nf5 Bxf5 24. Rxf5 Re8 25. e4 Bd4+ 26. Kh1 f6 27. Qxb5 g6 28. Rf3 Kg7 29. Rd1 Be5 30. Bxb7 Rd8 31. Rfd3 Rxd3 32. Rxd3 Rd8 33. Rxd8 Qxd8 34. Bd5 Qc8 35. b4 Qc1+ 36. Kg2 Qd2+ 37. Kh3 h5 38. Qc5 Qe2 39. Qc4 Qf2 40. Bg8 Kh6 41. Qc1+ g5 42. Be6 Qe2 43. Qg1 g4+ 44. Kh4 f5 45. Qc1+ f4 0-1

[Event "CAN/Quebec op"]
[Site "Montreal CAN"]
[Date "2008.07.23"]
[Round "5"]
[White "Nicula, Marius"]
[Black "Anastasovski, Nikola"]
[Result "1-0"]
[WhiteElo "2209"]
[BlackElo "2129"]
[PlyCount "115"]
[GameId "2160767910345267"]
[EventDate "2008.07.19"]
[EventType "swiss"]
[EventRounds "9"]
[EventCountry "CAN"]
[SourceTitle "EXT 2009"]
[Source "ChessBase"]
[SourceDate "2008.11.26"]
[SourceVersion "1"]
[SourceVersionDate "2008.11.26"]
[SourceQuality "1"]

1. d4 f5 2. g3 e6 3. Bg2 Nf6 4. c4 Bb4+ 5. Bd2 Qe7 6. Nf3 Nc6 7. O-O Bxd2 8. Nbxd2 O-O 9. Qc2 d5 10. e3 Bd7 11. Ne5 Ne4 12. Nxc6 Bxc6 13. Nf3 dxc4 14. Ne5 Bd5 15. f3 Nd6 16. e4 Bc6 17. Nxc6 bxc6 18. e5 Nb5 19. Qxc4 Qd7 20. Rfd1 Rad8 21. f4 Nxd4 22. Kf2 c5 23. Qxc5 Qb5 24. Qxb5 Nxb5 25. Ke3 c5 26. Rxd8 Rxd8 27. Rc1 Nc7 28. Rxc5 Rd7 29. Rc6 Kf7 30. Rd6 Re7 31. Bc6 h6 32. b4 g5 33. b5 Kg6 34. a4 Kh5 35. Bf3+ Kg6 36. Kd4 Ne8 37. Rd8 Ng7 38. a5 gxf4 39. b6 axb6 40. axb6 fxg3 41. hxg3 Nh5 42. b7 Rxb7 43. Bxb7 Kf7 44. Ke3 Nxg3 45. Bf3 h5 46. Kf4 h4 47. Rh8 Nf1 48. Rxh4 Nd2 49. Rh2 Nb3 50. Kg5 Nd4 51. Bh5+ Ke7 52. Rb2 Nc6 53. Rb7+ Kd8 54. Kf6 Kc8 55. Rb6 Nd8 56. Rxe6 f4 57. Re8 Kd7 58. e6+ 1-0

[Event "CAN/Quebec op"]
[Site "Montreal CAN"]
[Date "2008.07.23"]
[Round "5"]
[White "Noritsyn, Nikolay"]
[Black "Chabot, Roland"]
[Result "1-0"]
[WhiteElo "2361"]
[BlackElo "2235"]
[PlyCount "60"]
[GameId "2160767910345268"]
[EventDate "2008.07.19"]
[EventType "swiss"]
[EventRounds "9"]
[EventCountry "CAN"]
[SourceTitle "CBM 125 Extra"]
[Source "ChessBase"]
[SourceDate "2008.09.01"]
[SourceVersion "1"]
[SourceVersionDate "2008.09.01"]
[SourceQuality "1"]

1. d4 f5 2. g3 Nf6 3. Bg2 g6 4. Nh3 Nc6 5. Nf4 Bg7 6. h4 O-O 7. c3 d5 8. h5 gxh5 9. Be3 e6 10. Nxh5 Nxh5 11. Rxh5 Bd7 12. Nd2 Be8 13. Rh4 Bg6 14. Nf3 Qd7 15. Qd2 a5 16. Bh6 a4 17. Bxg7 Qxg7 18. Ng5 Rfe8 19. O-O-O Qf6 20. Rdh1 Re7 21. Qf4 Rf8 22. Bf3 a3 23. b3 Rg7 24. Rh6 e5 25. Bxd5+ Kh8 26. Qh4 Rff7 27. Bxf7 Rxf7 28. Nxf7+ Qxf7 29. dxe5 Nxe5 30. Qd4 Qg7 1-0

[Event "CAN/Quebec op"]
[Site "Montreal CAN"]
[Date "2008.07.23"]
[Round "5"]
[White "Panjwani, Raja"]
[Black "Hansen, Eric"]
[Result "1/2-1/2"]
[WhiteElo "2310"]
[BlackElo "2268"]
[PlyCount "104"]
[GameId "2160767910345269"]
[EventDate "2008.07.19"]
[EventType "swiss"]
[EventRounds "9"]
[EventCountry "CAN"]
[SourceTitle "CBM 125 Extra"]
[Source "ChessBase"]
[SourceDate "2008.09.01"]
[SourceVersion "1"]
[SourceVersionDate "2008.09.01"]
[SourceQuality "1"]

1. e4 e6 2. d4 d5 3. Nc3 Bb4 4. Nge2 dxe4 5. a3 Be7 6. Nxe4 Nf6 7. N2g3 Nbd7 8. Be2 Nxe4 9. Nxe4 Nf6 10. Bf3 O-O 11. O-O Rb8 12. Be3 b6 13. c4 Bb7 14. Nxf6+ Bxf6 15. Bxb7 Rxb7 16. Qf3 Qc8 17. Rac1 c6 18. b4 Rd7 19. Rfd1 Rfd8 20. Qg4 e5 21. d5 Rxd5 22. Qxc8 Rxd1+ 23. Rxd1 Rxc8 24. f4 exf4 25. Bxf4 b5 26. cxb5 cxb5 27. Rd5 a6 28. Rd6 Ra8 29. Rc6 h5 30. Kf1 Bb2 31. Bc1 Bxc1 32. Rxc1 Re8 33. Kf2 Kh7 34. Rc7 Kg6 35. Rc5 Re6 36. g3 Kh6 37. Rc7 f6 38. Rc5 g5 39. a4 bxa4 40. Ra5 Kg6 41. Rxa4 Re4 42. Rxa6 Rxb4 43. Ra2 h4 44. Kg2 f5 45. Kh3 Kh5 46. Rf2 f4 47. Kg2 Kg4 48. gxf4 Rxf4 49. Rb2 h3+ 50. Kg1 Ra4 51. Rf2 Kh4 52. Rf8 Ra1+ 1/2-1/2